Lettres a Madame R : St-Julien en Beaujolais, 1869-1978.

Saved in:
Bibliographic Details
Main Author: Bernard, Claude, 1813-1878
Format: Book
Language:English
Published: Choisey-le-roi : Imprimerie de France, 1974.
Subjects:
LEADER 00899nam a22002291 4500
001 c000368070
003 CARM
005 00000000000000.0
008 851113s1974 fr 00000 eng d
019 1 |a 4192100  |5 LACONCORD2021 
035 |a (OCoLC)220025002  |5 LACONCORD2021 
100 1 |a Bernard, Claude,  |d 1813-1878. 
245 1 0 |a Lettres a Madame R :  |b St-Julien en Beaujolais, 1869-1978. 
260 |a Choisey-le-roi :  |b Imprimerie de France,  |c 1974. 
300 |a 187 p. :  |b ill., ports, facsims. ;  |c 24 cm. 
600 1 0 |a Bernard, Claude,  |d 1813-1878. 
600 1 0 |a Raffalovich, Hermann,  |c Mme. 
650 0 |a Physiologists  |z France  |x Correspondence. 
852 8 |b CARM  |h A1:AP28E0  |i C09352  |p 0351065  |f BK 
082 0 4 |a 610.69 
999 f f |i add80667-93e2-5c8b-9c49-492425e089e2  |s c5f41549-e21c-50c9-a577-c54d6076c04c 
952 f f |p Can circulate  |a CAVAL  |b CAVAL  |c CAVAL  |d CARM 1 Store  |e C09352  |f A1:AP28E0  |h Other scheme  |i book  |m 0351065